Statistics for Singular Male Australian Open Hall Of Fame

Click here to take the quiz!

General Stats

  • This quiz has been taken 6 times
  • The average score is 51 of 111

Answer Stats

YearCountryPlayer% Correct
1996GermanyBoris Becker
100%
1991GermanyBoris Becker
100%
2023SerbiaNovak Ðoković
100%
2021SerbiaNovak Ðoković
100%
2008SerbiaNovak Ðoković
100%
2011SerbiaNovak Ðoković
100%
2012SerbiaNovak Ðoković
100%
2013SerbiaNovak Ðoković
100%
2015SerbiaNovak Ðoković
100%
2016SerbiaNovak Ðoković
100%
2020SerbiaNovak Ðoković
100%
2019SerbiaNovak Ðoković
100%
1997U.S.A.Pete Sampras
100%
1994U.S.A.Pete Sampras
100%
2022SpainRafael Nadal
100%
2009SpainRafael Nadal
100%
2006SwitzerlandRoger Federer
100%
2004SwitzerlandRoger Federer
100%
2007SwitzerlandRoger Federer
100%
2018SwitzerlandRoger Federer
100%
2010SwitzerlandRoger Federer
100%
2017SwitzerlandRoger Federer
100%
2003U.S.A.Andre Agassi
80%
2001U.S.A.Andre Agassi
80%
2000U.S.A.Andre Agassi
80%
1995U.S.A.Andre Agassi
80%
1975AustraliaJohn Newcombe
80%
1973AustraliaJohn Newcombe
80%
1969AustraliaRod Laver
80%
1962AustraliaRod Laver
80%
1960AustraliaRod Laver
80%
1985SwedenStefan Edberg
80%
1987SwedenStefan Edberg
80%
1974U.S.A.Jimmy Connors
60%
1972AustraliaKen Rosewall
60%
1971AustraliaKen Rosewall
60%
1955AustraliaKen Rosewall
60%
1953AustraliaKen Rosewall
60%
1984SwedenMats Wilander
60%
1983SwedenMats Wilander
60%
1988SwedenMats Wilander
60%
1954AustraliaMervyn Rose
60%
2014SwitzerlandStanislas Wawrinka
60%
Dicembre 1977U.S.A.Vitas Gerulaitis
60%
1979ArgentinaGuillermo Vilas
40%
1978ArgentinaGuillermo Vilas
40%
1990CzechoslovakiaIvan Lendl
40%
1989CzechoslovakiaIvan Lendl
40%
1938U.S.A.John Donald Budge
40%
1956AustraliaLew Hoad
40%
2005RussiaMarat Safin
40%
Gennaio 1977U.S.A.Roscoe Tanner
40%
1948AustraliaAdrian Quist
20%
1936AustraliaAdrian Quist
20%
1940AustraliaAdrian Quist
20%
1919U.K.Algernon Kingscote
20%
1909New ZealandAnthony Wilding
20%
1906New ZealandAnthony Wilding
20%
1970U.S.A.Arthur Ashe
20%
1914AustraliaArthur O'Hara Wood
20%
1957AustraliaAshley Cooper
20%
1958AustraliaAshley Cooper
20%
1951U.S.A.Dick Savitt
20%
1947AustraliaDinny Pails
20%
1930AustraliaEdgar Moon
20%
1913AustraliaErnie Parker
20%
1999RussiaEvgenij Kafel'nikov
20%
1915U.K.Francis Gordon Lowe
20%
1949AustraliaFrank Sedgman
20%
1950AustraliaFrank Sedgman
20%
1908U.S.A.Fred Alexander
20%
1934AustraliaFred Perry
20%
1927AustraliaGerald Patterson
20%
1907AustraliaHorace Rice
20%
1931AustraliaJack Crawford
20%
1935AustraliaJack Crawford
20%
1933AustraliaJack Crawford
20%
1932AustraliaJack Crawford
20%
1925AustraliaJames Anderson
20%
1924AustraliaJames Anderson
20%
1922AustraliaJames Anderson
20%
1912U.K.James Cecil Parke
20%
1928FranceJean Borotra
20%
1992U.S.A.Jim Courier
20%
1993U.S.A.Jim Courier
20%
1982U.S.A.Johan Kriek
20%
1981SudafricaJohan Kriek
20%
1939AustraliaJohn Bromwich
20%
1946AustraliaJohn Bromwich
20%
1929U.K.John Collin Gregory
20%
1926AustraliaJohn Hawkes
20%
1952AustraliaKen Gregory
20%
1911AustraliaNorman Brookes
20%
1923AustraliaPat O'Hara Wood
20%
1920AustraliaPat O'Hara Wood
20%
1998Czech RepublicPetr Korda
20%
1921AustraliaRhys Gemmel
20%
1905AustraliaRodney Heath
20%
1910AustraliaRodney Heath
20%
1967AustraliaRoy Emerson
20%
1966AustraliaRoy Emerson
20%
1965AustraliaRoy Emerson
20%
1964AustraliaRoy Emerson
20%
1963AustraliaRoy Emerson
20%
1961AustraliaRoy Emerson
20%
1937AustraliaVivian McGrath
20%
1959U.S.A.Alex Olmedo
0%
1980U.S.A.Brian Teacher
0%
1976AustraliaMark Edmondson
0%
2002SwedenThomas Johansson
0%
1968AustraliaWilliam Bowrey
0%

Score Distribution

Percentile by Number Answered

Percent of People with Each Score

Your Score History

You have not taken this quiz